Thesmophoriazusae

Saved in:
Bibliographic Details
Main Author: Αριστοφάνης, π. 450-π. 385
Other Authors: Sommerstein, Alan H. (Editor, Translator)
Format: Book
Language:English
Published: Warminster, England : Aris & Phillips, 2001.
Series:Αριστοφάνης, π. 450-π. 385. Works.
Αριστοφάνης, π. 450-π. 385. Works.
Subjects:
Tags: Add Tag
No Tags, Be the first to tag this record!

MARC

LEADER 00000cam a2200000 i 4500
001 1/81203
008 050715s2001 enk| ||| |||| ||eng||
020 |a 0856685593 
035 |l 10079214 
040 |a GR-MyUa  |b gre  |e AACR2 
041 0 |a eng 
082 7 |a 882.01   |2 (22) 
100 0 |a Αριστοφάνης,   |d π. 450-π. 385. 
245 1 0 |a Thesmophoriazusae /   |c Aristophanes ; edited with translation and notes by Alan H. Sommerstein. 
260 |a Warminster, England :   |b Aris & Phillips,   |c 2001. 
300 |a xii, 242 σ. :   |b εικ. ;   |c 22 εκ. 
490 1 |a (The comedies of Aristophanes ;   |v 8) 
504 |a Περιέχει βιβλιογραφία (σ. 13). 
650 0 0 |a Greek drama (Comedy) 
700 1 |a Sommerstein, Alan H.  |e edt  |e trl 
800 0 |a Αριστοφάνης,   |d π. 450-π. 385.   |t Works.   |l English   |s (Sommerstein) 
800 0 |a Αριστοφάνης,   |d π. 450-π. 385.   |t Works.   |l Greek   |s (Sommerstein) 
852 |a INST  |b LESVOS  |e 20050715  |h 882.01 ARI  |p 005100032086  |q 005100032086  |t BK  |y 0 
901 |a BIBL1-2005-2 
920 |a ΕΠΕΑΕΚ ΠΜΣ ΓΥΝΑΙΚΕΣ KAI ΦΥΛΑ  |y Λέσβος  |z 2005-06 
970 |a ΚΑΡΑ  |b ΓΙΑΣΕΜΗ  |z 2005/07/15